000 nam a22 7a 4500
999 _c10781
_d10781
008 180223b ||||| |||| 00| 0 eng d
100 _aJerome, K
_96623
245 _aThree men in boat - IX, I, II
260 _aNew Delhi
_bBlackie Publication
_c2015